[Event "Rilton Cup 43rd"]
[Site "Stockholm"]
[Date "2014.01.02"]
[Round "6"]
[White "Marzano, Carlo"]
[Black "Jacobsen, Bo"]
[Result "0-1"]
[WhiteElo "2166"]
[BlackElo "2302"]
[PlyCount "88"]
[EventDate "2013.12.27"]
[EventType "swiss"]
[EventRounds "9"]
[EventCountry "SWE"]
[SourceTitle "CBM 158 Extra"]
[Source "ChessBase"]
[SourceDate "2014.02.28"]
[SourceVersion "1"]
[SourceVersionDate "2014.02.28"]
[SourceQuality "1"]

1. e4 e5 2. Nf3 Nc6 3. Bb5 Nf6 4. Nc3 d6 5. d4 exd4 6. Nxd4 Bd7 7. Bxc6 bxc6 8. 0-0 Be7 9. Qf3 0-0 10. e5 dxe5 11. Nxc6 Bxc6 12. Qxc6 Qd6 13. Qc4 Rab8 14. Rd1 Rb4 15. Qe2 Qe6 16. b3 Rg4 17. Bb2 h5 18. Kh1 h4 19. f3 Rg6 20. Nb5 Bd6 21. Re1 Re8 22. Rad1 Nh5 23. Qc4 Qf6 24. Qe4 Nf4 25. Rd2 Qg5 26. Qe3 Qh5 27. c4 h3 28. g4 Qh4 29. Red1 Ng2 30. Qe4 a6 31. Nc3 Bc5 32. Nd5 c6 33. Nc7 Re7 34. Nxa6 Bd4 35. Re2 Nf4 36. Rxd4 Nxe2 37. Rd8+ Kh7 38. Qxe2 e4 39. f4 Rxg4 40. Bd4 Rg2 41. Qd1 e3 42. Qb1+ Rg6 43. f5 Qf2 44. fxg6+ fxg6 0-1

[Event "Teplice op 8th"]
[Site "Teplice"]
[Date "2013.06.21"]
[Round "7"]
[White "Jacobsen, Bo"]
[Black "Smirnov, Artem"]
[Result "0-1"]
[WhiteElo "2312"]
[BlackElo "2422"]
[PlyCount "46"]
[EventDate "2013.06.15"]
[EventType "swiss"]
[EventRounds "9"]
[EventCountry "CZE"]
[SourceTitle "CBM 155 Extra"]
[Source "ChessBase"]
[SourceDate "2013.08.26"]
[SourceVersion "1"]
[SourceVersionDate "2013.08.26"]
[SourceQuality "1"]

1. g3 e5 2. c4 Nf6 3. Bg2 Nc6 4. Nc3 Bb4 5. Nd5 Bc5 6. Nf3 d6 7. d3 h6 8. 0-0 0-0 9. e3 a6 10. a3 Ba7 11. Nc3 Be6 12. Qc2 Qd7 13. Re1 Bh3 14. Bh1 Nh7 15. b4 f5 16. d4 exd4 17. exd4 f4 18. c5 Bg4 19. Nh4 Nxd4 20. Bd5+ Rf7 21. Qg6 Nf6 22. Bxf7+ Qxf7 23. cxd6 Nf3+ 0-1

[Event "Teplice op 8th"]
[Site "Teplice"]
[Date "2013.06.20"]
[Round "6"]
[White "Slampa, Jan"]
[Black "Jacobsen, Bo"]
[Result "0-1"]
[WhiteElo "2070"]
[BlackElo "2312"]
[PlyCount "78"]
[EventDate "2013.06.15"]
[EventType "swiss"]
[EventRounds "9"]
[EventCountry "CZE"]
[SourceTitle "CBM 155 Extra"]
[Source "ChessBase"]
[SourceDate "2013.08.26"]
[SourceVersion "1"]
[SourceVersionDate "2013.08.26"]
[SourceQuality "1"]

1. e4 e5 2. Nf3 d6 3. d4 exd4 4. Nxd4 Nf6 5. Nc3 Be7 6. f3 0-0 7. Be3 Re8 8. Bc4 c6 9. Qd2 d5 10. exd5 b5 11. Bb3 b4 12. Ne4 Nxe4 13. fxe4 Bh4+ 14. g3 Bf6 15. 0-0-0 Rxe4 16. Nxc6 Nxc6 17. dxc6 Qe7 18. Bf4 Bg4 19. Rde1 Re8 20. Rxe4 Qxe4 21. Bd5 Qf5 22. c7 g5 23. Bd6 a5 24. Bc4 Qe4 25. Bd5 Qf5 26. Qd3 Qf2 27. Be4 Kg7 28. Rf1 Qb6 29. h4 h5 30. hxg5 Bxg5+ 31. Kb1 Bf6 32. Bf4 a4 33. Bf3 Be6 34. Bxh5 b3 35. cxb3 axb3 36. axb3 Bxb3 37. Qd6 Ba2+ 38. Kc2 Qxb2+ 39. Kd3 Qc3# 0-1

[Event "Odense Andersen op"]
[Site "Odense"]
[Date "2013.05.09"]
[Round "2"]
[White "Jacobsen, Bo"]
[Black "Pedersen, Steffen"]
[Result "1-0"]
[WhiteElo "2319"]
[BlackElo "2425"]
[PlyCount "55"]
[EventDate "2013.05.08"]
[EventType "swiss"]
[EventRounds "9"]
[EventCountry "DEN"]
[SourceTitle "CBM 154 Extra"]
[Source "ChessBase"]
[SourceDate "2013.06.25"]
[SourceVersion "2"]
[SourceVersionDate "2013.06.25"]
[SourceQuality "1"]

1. c4 Nf6 2. g3 e6 3. Bg2 d5 4. Nf3 c5 5. 0-0 Nc6 6. cxd5 Nxd5 7. d4 Qb6 8. e4 Nf6 9. d5 Nd4 10. Na3 Nxf3+ 11. Qxf3 Be7 12. Bf4 exd5 13. exd5 0-0 14. d6 Bd8 15. Nc4 Qb5 16. b3 Bg4 17. Qxb7 Qxb7 18. Bxb7 Rb8 19. Bg2 Be2 20. Rfe1 Bxc4 21. bxc4 Ba5 22. Re7 Bc3 23. Rd1 Bd4 24. Rxa7 Rb2 25. Be3 Ng4 26. Bxd4 cxd4 27. Rxd4 Rxf2 28. d7 1-0

[Event "Copenhagen Cand op"]
[Site "Copenhagen"]
[Date "2013.04.27"]
[Round "7"]
[White "Jacobsen, Bo"]
[Black "Englert, Fabian"]
[Result "1/2-1/2"]
[WhiteElo "2310"]
[BlackElo "2214"]
[PlyCount "57"]
[EventDate "2013.04.24"]
[EventType "swiss"]
[EventRounds "9"]
[EventCountry "DEN"]
[SourceTitle "EXT 2015"]
[Source "ChessBase"]
[SourceDate "2014.11.20"]
[SourceVersion "1"]
[SourceVersionDate "2014.11.20"]
[SourceQuality "1"]

1. c4 e6 2. g3 d5 3. Bg2 d4 4. Nf3 Nc6 5. 0-0 Nf6 6. e3 Be7 7. b3 0-0 8. exd4 Nxd4 9. Bb2 c5 10. Nc3 Nd7 11. Re1 f5 12. Na4 Nb8 13. b4 Nxf3+ 14. Qxf3 cxb4 15. d4 Qa5 16. Qb3 Na6 17. a3 Bd7 18. axb4 Qxb4 19. Qc2 Bxa4 20. Qxa4 Qxb2 21. Qd7 Rae8 22. Rab1 Qc3 23. Rxe6 Nb8 24. Qxb7 Bf6 25. Rxe8 Rxe8 26. Bd5+ Kh8 27. Qxb8 Qe1+ 28. Kg2 Bxd4 29. Rxe1 1/2-1/2

[Event "Copenhagen Challenge"]
[Site "Ballerup"]
[Date "2013.04.25"]
[Round "2"]
[White "Slettebo, Jan"]
[Black "Jacobsen, Bo"]
[Result "0-1"]
[WhiteElo "2054"]
[BlackElo "2310"]
[PlyCount "62"]
[EventDate "2013.04.24"]
[EventType "swiss"]
[EventRounds "9"]
[EventCountry "DEN"]
[SourceTitle "CBM 154 Extra"]
[Source "ChessBase"]
[SourceDate "2013.06.25"]
[SourceVersion "2"]
[SourceVersionDate "2013.06.25"]
[SourceQuality "1"]

1. e4 e5 2. Nf3 d6 3. d4 exd4 4. Nxd4 Nf6 5. Nc3 Be7 6. Bf4 0-0 7. Qd2 Nc6 8. 0-0-0 Nxd4 9. Qxd4 Be6 10. Be2 Nd7 11. Qe3 Bf6 12. g4 Re8 13. g5 Be5 14. Bxe5 dxe5 15. Rhg1 c6 16. Bg4 Bxg4 17. Rxg4 Qe7 18. Ne2 Nf8 19. Qf3 Rad8 20. Rxd8 Rxd8 21. Rg1 Qd6 22. Qe3 Ne6 23. h4 g6 24. Nc3 Qd4 25. Qxd4 Rxd4 26. Re1 Kg7 27. Re3 h6 28. gxh6+ Kxh6 29. Ne2 Rd7 30. Ng3 Nf4 31. f3 Ng2 0-1

[Event "DEN-chB"]
[Site "Helsingor"]
[Date "2013.03.29"]
[Round "2"]
[White "Jacobsen, Bo"]
[Black "Thuesen, Mogens Henrik"]
[Result "1-0"]
[WhiteElo "2306"]
[BlackElo "2261"]
[PlyCount "55"]
[EventDate "2013.03.26"]
[EventType "swiss"]
[EventRounds "7"]
[EventCountry "DEN"]
[SourceTitle "EXT 2014"]
[Source "ChessBase"]
[SourceDate "2013.11.20"]
[SourceVersion "1"]
[SourceVersionDate "2013.11.20"]
[SourceQuality "1"]

1. c4 g6 2. g3 Bg7 3. Bg2 d6 4. Nc3 Nf6 5. Nf3 0-0 6. 0-0 c6 7. e4 a5 8. h3 e5 9. d3 Nbd7 10. Be3 Qe7 11. Qd2 Nc5 12. Rad1 Re8 13. Rfe1 a4 14. Qc2 a3 15. b3 Nh5 16. d4 Ne6 17. d5 Nc7 18. b4 cxd5 19. exd5 Bd7 20. c5 Nf6 21. cxd6 Qxd6 22. Bc5 Qa6 23. Bf1 b5 24. d6 Ne6 25. Nxe5 Rab8 26. Nxd7 Nxd7 27. Nd5 Kh8 28. Nc7 1-0

[Event "DEN-chB"]
[Site "Helsingor"]
[Date "2013.03.29"]
[Round "5"]
[White "Stojanovski, Sandi"]
[Black "Jacobsen, Bo"]
[Result "1/2-1/2"]
[WhiteElo "2262"]
[BlackElo "2306"]
[PlyCount "111"]
[EventDate "2013.03.26"]
[EventType "swiss"]
[EventRounds "7"]
[EventCountry "DEN"]
[SourceTitle "EXT 2014"]
[Source "ChessBase"]
[SourceDate "2013.11.20"]
[SourceVersion "1"]
[SourceVersionDate "2013.11.20"]
[SourceQuality "1"]

1. d4 Nf6 2. c4 c5 3. Nf3 cxd4 4. Nxd4 g6 5. Nc3 Bg7 6. e4 d6 7. Be2 Nc6 8. Be3 0-0 9. 0-0 Bd7 10. Qd2 Rc8 11. f3 Nxd4 12. Bxd4 a5 13. Kh1 Bc6 14. Rac1 Nd7 15. Bxg7 Kxg7 16. f4 Qb6 17. Bg4 e6 18. b3 Qc5 19. Rcd1 Nf6 20. Bf3 Rcd8 21. Qe2 h5 22. Rd3 e5 23. Qd2 Rd7 24. f5 a4 25. fxg6 fxg6 26. Rd1 Ng4 27. Bxg4 hxg4 28. Qe3 Rdf7 29. Qxc5 dxc5 30. Kg1 Rf4 31. bxa4 Kh6 32. Re3 Rf2 33. h3 Rc2 34. Rf1 Rd8 35. Rf2 Rc1+ 36. Kh2 Rd4 37. Ne2 Re1 38. hxg4 Rxc4 39. Rh3+ Kg5 40. Ng1 Bxe4 41. Nf3+ Bxf3 42. gxf3 Rcc1 43. Kg3 Rg1+ 44. Rg2 Rxg2+ 45. Kxg2 Kf4 46. Rh7 Rc2+ 47. Kh3 Kxf3 48. Rf7+ Ke3 49. Rxb7 c4 50. Rc7 e4 51. a5 Rxa2 52. Rxc4 Rxa5 53. Rc6 g5 54. Kg3 Re5 55. Ra6 Kd3 56. Ra3+ 1/2-1/2

[Event "DEN-chB"]
[Site "Helsingor"]
[Date "2013.03.26"]
[Round "1"]
[White "Percivaldi, Martin"]
[Black "Jacobsen, Bo"]
[Result "0-1"]
[WhiteElo "2067"]
[BlackElo "2306"]
[PlyCount "102"]
[EventDate "2013.03.26"]
[EventType "swiss"]
[EventRounds "7"]
[EventCountry "DEN"]
[SourceTitle "EXT 2014"]
[Source "ChessBase"]
[SourceDate "2013.11.20"]
[SourceVersion "1"]
[SourceVersionDate "2013.11.20"]
[SourceQuality "1"]

1. d4 Nf6 2. c4 g6 3. g3 Bg7 4. Bg2 0-0 5. Nc3 d6 6. Nf3 Nc6 7. 0-0 Bf5 8. d5 Na5 9. Nd2 c5 10. e4 Bd7 11. Qc2 a6 12. b3 b5 13. Bb2 Rb8 14. Rab1 e5 15. Ne2 Nh5 16. h3 Bh6 17. Bc3 Qc7 18. Qd3 Rbe8 19. Kh2 Qd8 20. Ng1 b4 21. Bb2 Nb7 22. Rbe1 a5 23. Ne2 a4 24. f4 exf4 25. Nxf4 Qg5 26. Nxh5 Qxh5 27. Nf3 Bg7 28. Bxg7 Kxg7 29. Qe2 f6 30. Qb2 a3 31. Qd2 Nd8 32. Re2 Nf7 33. Qe1 Bg4 34. Ref2 Bxf3 35. Bxf3 Qe5 36. Re2 h5 37. h4 Rh8 38. Qa1 Nh6 39. Qxe5 Rxe5 40. Rfe1 Rhe8 41. Kg2 f5 42. Kf2 Kf6 43. exf5 Rxe2+ 44. Rxe2 Rxe2+ 45. Bxe2 Nxf5 46. Bd3 Nd4 47. Ke3 Nxb3 48. Bb1 Na5 49. Kd3 g5 50. Bc2 gxh4 51. gxh4 Ke5 0-1

[Event "Rilton Cup 42nd"]
[Site "Stockholm"]
[Date "2013.01.03"]
[Round "7"]
[White "Krasenkova, Ilena"]
[Black "Jacobsen, Bo"]
[Result "0-1"]
[WhiteElo "2136"]
[BlackElo "2319"]
[PlyCount "84"]
[EventDate "2012.12.27"]
[EventType "swiss"]
[EventRounds "9"]
[EventCountry "SWE"]
[SourceTitle "CBM 152 Extra"]
[Source "ChessBase"]
[SourceDate "2013.02.25"]
[SourceVersion "1"]
[SourceVersionDate "2013.02.25"]
[SourceQuality "1"]

1. d4 d6 2. c4 e5 3. dxe5 dxe5 4. Qxd8+ Kxd8 5. Nc3 Be6 6. e4 Nd7 7. f4 f6 8. f5 Bf7 9. a3 a5 10. Nf3 c6 11. Be3 Bc5 12. Bd2 a4 13. Rc1 Ne7 14. Bd3 Nc8 15. Na2 Nd6 16. Bb4 Kc7 17. Ke2 g6 18. fxg6 Bxg6 19. Nc3 Bf7 20. Nb1 f5 21. Nbd2 Rhe8 22. Rhe1 b6 23. Rf1 Bg6 24. Bxc5 Nxc5 25. Bb1 fxe4 26. Nh4 Nd3 27. Bxd3 exd3+ 28. Ke3 e4 29. Nxg6 hxg6 30. Rf6 Nf5+ 31. Kf4 e3 32. Nf3 Rad8 33. c5 d2 34. cxb6+ Kb7 35. Rcxc6 d1Q 36. Rc7+ Kb8 37. Rff7 Qd6+ 38. Kg5 Ne7 39. Rf6 Qd5+ 40. Kg4 e2 41. Rc1 Qh5+ 42. Kg3 Rd1 0-1

[Event "Rilton Cup 42nd"]
[Site "Stockholm"]
[Date "2012.12.27"]
[Round "1"]
[White "Andriyanov, Ivan"]
[Black "Jacobsen, Bo"]
[Result "0-1"]
[WhiteElo "2010"]
[BlackElo "2319"]
[PlyCount "74"]
[EventDate "2012.12.27"]
[EventType "swiss"]
[EventRounds "9"]
[EventCountry "SWE"]
[SourceTitle "CBM 152 Extra"]
[Source "ChessBase"]
[SourceDate "2013.02.25"]
[SourceVersion "1"]
[SourceVersionDate "2013.02.25"]
[SourceQuality "1"]

1. d4 Nf6 2. c4 c5 3. Nf3 g6 4. g3 Bg7 5. Bg2 0-0 6. 0-0 d6 7. Nc3 Nc6 8. d5 Na5 9. Qd3 a6 10. e4 Rb8 11. Bd2 b5 12. b3 Bg4 13. Nh4 bxc4 14. bxc4 Nd7 15. f4 Nb6 16. h3 Bd7 17. Rab1 Naxc4 18. Be1 Na3 19. Rc1 Nb5 20. Qd1 Nc4 21. Rf3 Nd4 22. Rf2 Ne3 23. Qd3 Nxg2 24. Kxg2 Bb5 25. Qe3 e6 26. Rb1 Bc4 27. dxe6 fxe6 28. Rbb2 Qc7 29. Qc1 Bd3 30. Rxb8 Rxb8 31. Rb2 Rxb2+ 32. Qxb2 Nc2 33. Bd2 Bxe4+ 34. Kh2 Nd4 35. Qa3 Bb7 36. Qb2 Qc6 37. Qc1 Bf6 0-1

[Event "DEN-ch rapid"]
[Site "Middelfart"]
[Date "2012.09.30"]
[Round "7"]
[White "Jacobsen, Bo"]
[Black "Bromann, Thorbjorn"]
[Result "1/2-1/2"]
[WhiteElo "2291"]
[BlackElo "2361"]
[PlyCount "49"]
[EventDate "2012.09.30"]
[EventType "swiss (rapid)"]
[EventRounds "7"]
[EventCountry "DEN"]
[SourceTitle "EXT 2018"]
[Source "ChessBase"]
[SourceDate "2017.10.13"]
[SourceVersion "1"]
[SourceVersionDate "2017.10.13"]
[SourceQuality "1"]

1. c4 g6 2. g3 Bg7 3. Bg2 Nf6 4. Nc3 0-0 5. d3 d6 6. Nf3 e5 7. Rb1 a5 8. a3 Nc6 9. b4 axb4 10. axb4 h6 11. b5 Ne7 12. Qb3 Be6 13. 0-0 Qd7 14. Nd2 c6 15. Ba3 Ne8 16. Ra1 f5 17. Bb2 Nc7 18. Rxa8 Rxa8 19. Ra1 Rxa1+ 20. Bxa1 cxb5 21. Nxb5 Nxb5 22. Qxb5 Qxb5 23. cxb5 d5 24. Bb2 Nc8 25. Nf3 1/2-1/2

[Event "Aarhus Chess House"]
[Site "Aarhus"]
[Date "2012.07.12"]
[Round "6"]
[White "Jacobsen, Bo"]
[Black "Eggleston, David"]
[Result "0-1"]
[WhiteElo "2302"]
[BlackElo "2323"]
[PlyCount "80"]
[EventDate "2012.07.07"]
[EventType "tourn"]
[EventRounds "9"]
[EventCountry "DEN"]
[EventCategory "4"]
[SourceTitle "CBM 149 Extra"]
[Source "ChessBase"]
[SourceDate "2012.08.24"]
[SourceVersion "1"]
[SourceVersionDate "2012.08.24"]
[SourceQuality "1"]

1. g3 Nf6 2. Bg2 e6 3. c4 d5 4. Nf3 Be7 5. 0-0 0-0 6. b3 b6 7. Bb2 Bb7 8. e3 Nbd7 9. Qe2 a5 10. Nc3 a4 11. d4 a3 12. Bc1 Bb4 13. Bd2 c5 14. Rfd1 Qb8 15. Nb5 Bxd2 16. Qxd2 Bc6 17. Nc3 Rd8 18. Rac1 dxc4 19. bxc4 Ne4 20. Nxe4 Bxe4 21. Ne1 Bxg2 22. Nxg2 e5 23. Rc3 cxd4 24. exd4 Nc5 25. Qe3 exd4 26. Rxd4 Re8 27. Qc1 Qa7 28. Nf4 b5 29. cxb5 Nb3 30. Rxb3 Qxd4 31. Rxa3 Rac8 32. Qb1 Qd2 33. Qd3 Rc1+ 34. Kg2 Qe1 35. Ra7 Qg1+ 36. Kh3 Qxf2 37. Re7 Rf8 38. a4 Rh1 39. Re2 Rxh2+ 40. Kg4 f5+ 0-1

[Event "Odense Andersen op"]
[Site "Odense"]
[Date "2012.05.20"]
[Round "8"]
[White "Smith, Axel"]
[Black "Jacobsen, Bo"]
[Result "1-0"]
[WhiteElo "2483"]
[BlackElo "2337"]
[PlyCount "92"]
[EventDate "2012.05.16"]
[EventType "swiss"]
[EventRounds "9"]
[EventCountry "DEN"]
[SourceTitle "CBM 148 Extra"]
[Source "ChessBase"]
[SourceDate "2012.06.22"]
[SourceVersion "1"]
[SourceVersionDate "2012.06.22"]
[SourceQuality "1"]

1. Nf3 Nf6 2. c4 g6 3. g3 Bg7 4. Bg2 0-0 5. 0-0 d6 6. Nc3 Nc6 7. Rb1 Bf5 8. d3 Qd7 9. Re1 Rae8 10. Nd5 Nh5 11. b4 a6 12. a4 e5 13. b5 axb5 14. axb5 Ne7 15. Nh4 Nxd5 16. Bxd5 Rb8 17. Nxf5 Qxf5 18. Bb2 Nf6 19. Bg2 h5 20. h3 Nd7 21. Ba3 Rfd8 22. Qd2 Nf8 23. Ra1 Ne6 24. Bc1 Nd4 25. Ra7 c6 26. Qg5 cxb5 27. Qxf5 gxf5 28. cxb5 Nxb5 29. Rxb7 Rxb7 30. Bxb7 Kh7 31. e4 Nd4 32. exf5 d5 33. Kg2 Nxf5 34. Bb2 Rb8 35. Bxd5 Nh4+ 36. gxh4 Rxb2 37. Bxf7 Bf6 38. Bxh5 Bxh4 39. Rxe5 Rxf2+ 40. Kg1 Rd2 41. Be2 Kg6 42. Kg2 Rb2 43. Re4 Bf6 44. h4 Bxh4 45. Rxh4 Rxe2+ 46. Kf3 Re7 1-0

[Event "Copenhagen Challenge"]
[Site "Ballerup"]
[Date "2012.05.05"]
[Round "6"]
[White "Maack, Kjartan"]
[Black "Jacobsen, Bo"]
[Result "0-1"]
[WhiteElo "2133"]
[BlackElo "2337"]
[PlyCount "100"]
[EventDate "2012.05.02"]
[EventType "swiss"]
[EventRounds "9"]
[EventCountry "DEN"]
[SourceTitle "CBM 148 Extra"]
[Source "ChessBase"]
[SourceDate "2012.06.22"]
[SourceVersion "1"]
[SourceVersionDate "2012.06.22"]
[SourceQuality "1"]

1. c4 Nf6 2. g3 g6 3. Bg2 Bg7 4. Nc3 0-0 5. d4 d6 6. Nf3 Nc6 7. 0-0 Bf5 8. d5 Na5 9. Nd2 c5 10. e4 Bd7 11. Qc2 a6 12. b3 b5 13. Bb2 Rb8 14. Nd1 bxc4 15. bxc4 e5 16. Rb1 Nh5 17. Bc3 Rxb1 18. Qxb1 Bh6 19. Qd3 f5 20. f3 Nb7 21. Nf2 a5 22. Rb1 Bc8 23. Rb5 Qg5 24. Nf1 Nf6 25. Qb1 fxe4 26. Bd2 Qh5 27. Bxh6 Qxh6 28. Nxe4 Nxe4 29. fxe4 Qg7 30. Ne3 Qc7 31. Rb2 Nd8 32. Qe1 Nf7 33. Rf2 Qb6 34. Qf1 Qb4 35. h4 Qc3 36. Nd1 Qxg3 37. h5 gxh5 38. Rf3 Qg7 39. Nc3 Bg4 40. Rf6 Ng5 41. Rxf8+ Qxf8 42. Nb5 Qxf1+ 43. Kxf1 Nf7 44. Kf2 Kf8 45. Bf3 Ke7 46. Na7 Kd7 47. Nc6 Bxf3 48. Kxf3 Ng5+ 49. Ke3 a4 50. Na7 h4 0-1

[Event "Copenhagen Challenge"]
[Site "Ballerup"]
[Date "2012.05.04"]
[Round "5"]
[White "Jacobsen, Bo"]
[Black "Brynell, Stellan"]
[Result "0-1"]
[WhiteElo "2337"]
[BlackElo "2489"]
[PlyCount "66"]
[EventDate "2012.05.02"]
[EventType "swiss"]
[EventRounds "9"]
[EventCountry "DEN"]
[SourceTitle "CBM 148 Extra"]
[Source "ChessBase"]
[SourceDate "2012.06.22"]
[SourceVersion "1"]
[SourceVersionDate "2012.06.22"]
[SourceQuality "1"]

1. c4 e6 2. g3 Nf6 3. Bg2 d5 4. Nf3 Be7 5. 0-0 0-0 6. d4 c6 7. Nbd2 Nbd7 8. Qc2 b6 9. e4 Bb7 10. e5 Ne8 11. cxd5 exd5 12. Re1 Nc7 13. Nf1 Ne6 14. Ne3 g6 15. h4 c5 16. h5 cxd4 17. Ng4 Ndc5 18. Qd2 Ne4 19. Qh6 Rc8 20. Bf4 Kh8 21. Rad1 Rg8 22. hxg6 Rxg6 23. Qh3 Nxf4 24. gxf4 Qd7 25. Nfh2 Qf5 26. f3 Nc5 27. e6 f6 28. Ne5 Rxg2+ 29. Qxg2 fxe5 30. Rxe5 Qxf4 31. Ng4 Rg8 32. Rh5 Rg7 33. Kh1 d3 0-1

[Event "DEN-chT 1112 50th"]
[Site "Denmark"]
[Date "2012.01.15"]
[Round "5.7"]
[White "Nielsen, Niels Peter"]
[Black "Jacobsen, Bo"]
[Result "0-1"]
[WhiteElo "2161"]
[BlackElo "2317"]
[PlyCount "58"]
[EventDate "2011.10.29"]
[EventType "team-tourn"]
[EventRounds "9"]
[EventCountry "DEN"]
[SourceTitle "EXT 2013"]
[Source "ChessBase"]
[SourceDate "2012.11.22"]
[SourceVersion "1"]
[SourceVersionDate "2012.11.22"]
[SourceQuality "1"]
[WhiteTeam "Sydostfyn"]
[BlackTeam "Aarhus/Skolerne"]
[WhiteTeamCountry "DEN"]
[BlackTeamCountry "DEN"]

1. d4 g6 2. c4 Bg7 3. Nf3 Nf6 4. Nc3 0-0 5. g3 d6 6. Bg2 Nc6 7. 0-0 Bf5 8. Nh4 Bd7 9. e4 e5 10. d5 Nd4 11. Ne2 Re8 12. Qd3 c6 13. Nxd4 exd4 14. f4 Qb6 15. e5 dxe5 16. fxe5 Ng4 17. Nf3 cxd5 18. Qxd4 Qxd4+ 19. Nxd4 dxc4 20. Bd5 Rxe5 21. Bxf7+ Kh8 22. Nf3 Rc5 23. Rd1 Bf5 24. Rd5 Rc7 25. Ng5 h6 26. Bf4 Re7 27. Bd6 Re2 28. Nf3 Be4 29. Ne5 Rg2+ 0-1